[Event "AUT-chT (Women)"]
[Site "Austria"]
[Date "2013.03.22"]
[Round "2.1"]
[White "Schnegg, Anna Lena"]
[Black "Hennings, Margit"]
[Result "1-0"]
[WhiteElo "2032"]
[BlackElo "1980"]
[PlyCount "27"]
[EventDate "2013.03.21"]
[EventType "team-tourn"]
[EventRounds "9"]
[EventCountry "AUT"]
[SourceTitle "EXT 2015"]
[Source "ChessBase"]
[SourceDate "2014.11.20"]
[SourceVersion "1"]
[SourceVersionDate "2014.11.20"]
[SourceQuality "1"]
[WhiteTeam "Schachamazonen (W)"]
[BlackTeam "St Veit/Glan (W)"]
[WhiteTeamCountry "AUT"]
[BlackTeamCountry "AUT"]

1. e4 c5 2. Nf3 Nc6 3. d4 cxd4 4. Nxd4 g6 5. c4 Bg7 6. Nc2 e6 7. Be2 Nge7 8. Nc3 0-0 9. 0-0 a6 10. Be3 Qc7 11. Qd2 Rd8 12. Na4 Qe5 13. Bf4 Qxe4 14. Bd3 1-0

[Event "EU-chT Seniors 11th"]
[Site "Velden"]
[Date "2009.04.13"]
[Round "9"]
[White "Seyffer, Guenther"]
[Black "Hennings, Margit"]
[Result "1-0"]
[WhiteElo "2049"]
[BlackElo "2008"]
[PlyCount "50"]
[EventDate "2009.04.05"]
[EventType "team-swiss"]
[EventRounds "9"]
[EventCountry "AUT"]
[SourceTitle "CBM 129 Extra"]
[Source "ChessBase"]
[SourceDate "2009.05.05"]
[SourceVersion "2"]
[SourceVersionDate "2009.05.20"]
[SourceQuality "1"]

1. d4 d5 2. c4 c6 3. Nc3 Nf6 4. Nf3 e6 5. Bg5 dxc4 6. e3 b5 7. a4 Bb4 8. axb5 cxb5 9. Nd2 Bxc3 10. bxc3 Qd5 11. Bxf6 gxf6 12. Be2 Bb7 13. Bf3 Qd7 14. Ne4 Bxe4 15. Bxe4 Nc6 16. Qf3 Rc8 17. Qxf6 Rg8 18. 0-0 Ne7 19. Qf3 Nd5 20. Bxd5 Qxd5 21. Qxd5 exd5 22. Rxa7 b4 23. cxb4 Rg5 24. Ra5 Rg6 25. Rxd5 Rb6 1-0

[Event "EU-chT Seniors 11th"]
[Site "Velden"]
[Date "2009.04.07"]
[Round "3"]
[White "Hennings, Margit"]
[Black "Scholvin, Erich"]
[Result "0-1"]
[WhiteElo "2008"]
[BlackElo "2104"]
[PlyCount "92"]
[EventDate "2009.04.05"]
[EventType "team-swiss"]
[EventRounds "9"]
[EventCountry "AUT"]
[SourceTitle "CBM 129 Extra"]
[Source "ChessBase"]
[SourceDate "2009.05.05"]
[SourceVersion "2"]
[SourceVersionDate "2009.05.20"]
[SourceQuality "1"]

1. e4 e6 2. d4 d5 3. e5 c5 4. c3 Nc6 5. Nf3 Nge7 6. g4 Bd7 7. Bg2 b6 8. 0-0 Ng6 9. Be3 Be7 10. Nbd2 0-0 11. a3 Rc8 12. Rc1 f6 13. exf6 gxf6 14. Bh6 Rf7 15. h4 Bf8 16. Bxf8 Qxf8 17. Qe2 Nf4 18. Qe3 Nxg2 19. Kxg2 Re8 20. dxc5 bxc5 21. Nb3 c4 22. Nbd4 Nxd4 23. Nxd4 Rg7 24. f3 e5 25. Ne2 h5 26. g5 fxg5 27. hxg5 Qf5 28. Kf2 h4 29. Rg1 Rf8 30. Rce1 Bc6 31. Ref1 Qd3 32. Qxd3 cxd3 33. Nc1 d2 34. Nb3 d1Q 35. Rxd1 Ba4 36. Nc5 Bxd1 37. Rxd1 e4 38. Rxd5 Rxf3+ 39. Ke2 Re7 40. Rd4 h3 41. Rd1 Rg3 42. Rh1 e3 43. b4 Rg2+ 44. Ke1 h2 45. Kf1 Ra2 46. Nd3 e2+ 0-1

[Event "EU-chT (Women) 5th"]
[Site "Plovdiv"]
[Date "2003.10.15"]
[Round "5"]
[White "Prudnikova, Svetlana"]
[Black "Hennings, Margit"]
[Result "1-0"]
[WhiteElo "2412"]
[BlackElo "2023"]
[PlyCount "77"]
[EventDate "2003.10.10"]
[EventType "team-swiss"]
[EventRounds "9"]
[EventCountry "BUL"]
[SourceTitle "EXT 2020"]
[Source "ChessBase"]
[SourceDate "2019.10.17"]
[SourceVersion "1"]
[SourceVersionDate "2019.10.17"]
[SourceQuality "1"]
[WhiteTeam "Yugoslavia (W)"]
[BlackTeam "Austria (W)"]
[WhiteTeamCountry "YUG"]
[BlackTeamCountry "AUT"]

1. Nf3 d5 2. d4 c6 3. c4 dxc4 4. e3 b5 5. a4 e6 6. b3 Bb4+ 7. Bd2 Bxd2+ 8. Nfxd2 a5 9. axb5 cxb5 10. bxc4 b4 11. c5 Ne7 12. Bb5+ Bd7 13. Qa4 0-0 14. Nc4 Bxb5 15. Qxb5 Nbc6 16. 0-0 Qc7 17. Nbd2 Nd5 18. Nb6 Ra7 19. Na4 Rb8 20. Qd3 Qb7 21. Rfb1 Qb5 22. Nc4 h6 23. Qb3 Kf8 24. Rd1 Rd8 25. Ra2 Qb8 26. Rad2 Rad7 27. f3 Qc7 28. g3 g6 29. Kg2 e5 30. Nd6 Nf6 31. d5 Na7 32. Ne4 Ne8 33. Nb6 f5 34. Nxd7+ Qxd7 35. c6 Qc7 36. Nc5 Ng7 37. Nb7 Rb8 38. d6 Qxc6 39. d7 1-0

[Event "AUT-ch (Women)"]
[Site "Hartberg"]
[Date "2003.08.06"]
[Round "9"]
[White "Hennings, Margit"]
[Black "Krasser, Margit"]
[Result "1/2-1/2"]
[WhiteElo "2056"]
[BlackElo "2074"]
[PlyCount "162"]
[EventDate "2003.07.29"]
[EventType "tourn"]
[EventRounds "13"]
[EventCountry "AUT"]
[SourceTitle "CBM 095 Extra"]
[Source "ChessBase"]
[SourceDate "2003.09.04"]
[SourceVersion "1"]
[SourceVersionDate "2003.09.04"]
[SourceQuality "1"]

1. e4 d5 2. e5 c5 3. f4 Nc6 4. Bb5 e6 5. Nf3 Bd7 6. 0-0 Nh6 7. Kh1 g6 8. Bxc6 Bxc6 9. d4 Nf5 10. c3 h5 11. a4 h4 12. Na3 cxd4 13. Nxd4 Ng3+ 14. Kg1 Nxf1 15. Kxf1 Qa5 16. Nxc6 bxc6 17. b4 Qa6+ 18. Kf2 Rc8 19. Be3 Be7 20. Nc2 Qc4 21. Qd2 h3 22. g3 Qe4 23. Bxa7 0-0 24. a5 g5 25. Rg1 c5 26. b5 Ra8 27. Bb6 Rfb8 28. Qe2 Qa4 29. Rc1 Qb3 30. Ne3 Qa3 31. Rc2 Qa1 32. Ng4 Qh1 33. Qf3 Qxf3+ 34. Kxf3 Rxb6 35. axb6 Rb8 36. f5 Rxb6 37. f6 Bf8 38. Rb2 Kh7 39. Nf2 Kg6 40. g4 c4 41. Nxh3 Bc5 42. Nf2 d4 43. Ne4 dxc3 44. Nxc3 Bd4 45. Rc2 Bxe5 46. h3 Bxc3 47. Rxc3 Rxb5 48. Rxc4 Rb3+ 49. Kg2 Kxf6 50. Rc5 Rd3 51. Ra5 Rd5 52. Ra7 Kg6 53. Re7 Re5 54. Re8 f5 55. gxf5+ Kxf5 56. Kf3 Ra5 57. Rf8+ Kg6 58. Rg8+ Kf7 59. Rh8 Ra4 60. Rh5 Kg6 61. Rh8 Rf4+ 62. Kg3 e5 63. Rg8+ Kf6 64. Re8 e4 65. Rf8+ Ke5 66. Rg8 Rf1 67. Rxg5+ Kd4 68. Ra5 Rc1 69. Ra4+ Kd3 70. Ra3+ Rc3 71. Ra8 Kd2+ 72. Kf4 e3 73. Ra2+ Kd1 74. Ra1+ Ke2 75. Kg3 Rc2 76. h4 Kd3 77. h5 Kd2 78. h6 e2 79. Kf2 Rc6 80. Ra2+ Kd3 81. Ra3+ Kd2 1/2-1/2

[Event "AUT-ch (Women)"]
[Site "Hartberg"]
[Date "2003.07.31"]
[Round "3"]
[White "Hennings, Margit"]
[Black "Ragger, Anna Christina"]
[Result "0-1"]
[WhiteElo "2056"]
[BlackElo "2117"]
[PlyCount "82"]
[EventDate "2003.07.29"]
[EventType "tourn"]
[EventRounds "13"]
[EventCountry "AUT"]
[SourceTitle "CBM 095 Extra"]
[Source "ChessBase"]
[SourceDate "2003.09.04"]
[SourceVersion "1"]
[SourceVersionDate "2003.09.04"]
[SourceQuality "1"]

1. e4 Nf6 2. e5 Nd5 3. d4 d6 4. c4 Nb6 5. Nf3 Bg4 6. Be2 dxe5 7. dxe5 Qxd1+ 8. Kxd1 Nc6 9. Bf4 0-0-0+ 10. Kc1 g6 11. Nbd2 Bg7 12. h3 Bxf3 13. Nxf3 h6 14. Bg3 Nd7 15. e6 fxe6 16. Nh4 g5 17. Nf3 Nc5 18. Nh2 Nb4 19. Bg4 Nbd3+ 20. Kc2 Nxb2 21. Rae1 Nxc4 22. Nf3 Na3+ 23. Kc1 Nd3+ 24. Kd2 Nxe1+ 25. Kxe1 Nc2+ 26. Ke2 Nd4+ 27. Nxd4 Rxd4 28. Rc1 c6 29. Bxe6+ Kd8 30. f3 Re8 31. Bb8 Rd6 32. Bg4 a6 33. Rb1 b5 34. a4 Rd5 35. Rc1 e6 36. Rxc6 Be5 37. Ba7 Kd7 38. Rxa6 bxa4 39. Rxa4 Rc8 40. Be3 Rc2+ 41. Ke1 Bg3+ 0-1

[Event "AUT-ch (Women)"]
[Site "Hartberg"]
[Date "2003.07.29"]
[Round "1"]
[White "Hennings, Margit"]
[Black "Sommer, Sonja"]
[Result "1-0"]
[WhiteElo "2056"]
[BlackElo "2038"]
[PlyCount "64"]
[EventDate "2003.07.29"]
[EventType "tourn"]
[EventRounds "13"]
[EventCountry "AUT"]
[SourceTitle "CBM 095 Extra"]
[Source "ChessBase"]
[SourceDate "2003.09.04"]
[SourceVersion "1"]
[SourceVersionDate "2003.09.04"]
[SourceQuality "1"]

1. e4 e5 2. Nf3 Nc6 3. Bb5 a6 4. Bxc6 dxc6 5. 0-0 Qd6 6. Na3 Qe6 7. b3 Ne7 8. d4 exd4 9. Qxd4 Ng6 10. Nc4 c5 11. Qe3 b5 12. Ng5 Qc6 13. Nd2 f6 14. Ngf3 Be6 15. Bb2 Be7 16. a4 0-0 17. h4 h5 18. Rfe1 Rae8 19. axb5 axb5 20. Ra5 f5 21. Ng5 Bc8 22. Qe2 Nf4 23. Qxb5 Qg6 24. Ndf3 Bxg5 25. Nxg5 fxe4 26. Qc4+ Be6 27. Qxe4 Rf5 28. Ra8 Rxa8 29. Qxa8+ Rf8 30. Qe4 Qxe4 31. Rxe4 Bg4 32. f3 Rd8 1-0

[Event "Jacques Lemans op 21st"]
[Site "St Veit"]
[Date "2002.07.09"]
[Round "4"]
[White "Genser, Harald"]
[Black "Hennings, Margit"]
[Result "1-0"]
[WhiteElo "2248"]
[BlackElo "2064"]
[PlyCount "79"]
[EventDate "2002.07.06"]
[EventType "swiss"]
[EventRounds "9"]
[EventCountry "AUT"]
[SourceTitle "CBM 089 Extra"]
[Source "ChessBase"]
[SourceDate "2002.09.10"]
[SourceVersion "2"]
[SourceVersionDate "2002.09.10"]
[SourceQuality "1"]

1. d4 d5 2. c4 c6 3. Nf3 Nf6 4. e3 e6 5. Nbd2 a6 6. Bd3 Nbd7 7. 0-0 Bd6 8. e4 dxe4 9. Nxe4 Nxe4 10. Bxe4 Nf6 11. Bc2 Qc7 12. a3 Bd7 13. b4 Ng4 14. h3 h5 15. Qe2 0-0-0 16. hxg4 hxg4 17. Ne5 f5 18. f4 Rh4 19. Kf2 g5 20. Be3 Be8 21. Ke1 Bh5 22. g3 Rh3 23. Rg1 Rh8 24. c5 Bxe5 25. dxe5 Bf7 26. Rd1 gxf4 27. Bxf4 Rh2 28. Rg2 Rh1+ 29. Kf2 Rxd1 30. Bxd1 a5 31. Kg1 axb4 32. axb4 Rd8 33. Qe1 b6 34. Rc2 Rh8 35. Be2 Be8 36. Bf1 Qh7 37. Bg2 Qa7 38. Qb1 Kc7 39. Ra2 Qb7 40. Qa1 1-0

[Event "AUT-ch (Women)"]
[Site "Mureck"]
[Date "2001.08.17"]
[Round "9"]
[White "Hennings, Margit"]
[Black "Unger, Eva"]
[Result "1-0"]
[WhiteElo "2015"]
[BlackElo "2177"]
[PlyCount "113"]
[EventDate "2001.08.05"]
[EventType "tourn"]
[EventRounds "11"]
[EventCountry "AUT"]
[SourceTitle "CBM 083 Extra"]
[Source "ChessBase"]
[SourceDate "2001.09.11"]
[SourceVersion "1"]
[SourceVersionDate "2001.09.11"]
[SourceQuality "1"]

1. e4 g6 2. d4 Bg7 3. Bc4 d6 4. f4 e6 5. Nf3 Nc6 6. 0-0 Nge7 7. c3 d5 8. exd5 exd5 9. Bd3 0-0 10. Be3 Nf5 11. Bf2 Nce7 12. Ne5 Nd6 13. Nd2 f5 14. Bh4 Ne4 15. Ndf3 Qd6 16. Qc2 Bf6 17. Bxf6 Qxf6 18. c4 c6 19. c5 Be6 20. b4 Rfc8 21. a4 b6 22. Rfb1 Rc7 23. a5 b5 24. Ra3 a6 25. Qc1 Kh8 26. Be2 Rg8 27. Ng5 Rg7 28. Rh3 Kg8 29. Rbb3 h5 30. Rh4 Nxg5 31. fxg5 Qf8 32. Qf4 Qd8 33. Rbh3 Bf7 34. Re3 Be8 35. Rhh3 Qc8 36. Nd3 Bf7 37. Qd6 Be8 38. Qf4 Qd8 39. Re5 Bf7 40. Rhe3 Kh7 41. Qh4 Kg8 42. h3 Rh7 43. Nf4 Qe8 44. Qe1 Kf8 45. g4 hxg4 46. hxg4 Qb8 47. Rh3 Rxh3 48. Nxh3 Rd7 49. Qh4 Kg8 50. Bd3 Qf8 51. gxf5 gxf5 52. Qf2 Bg6 53. Nf4 Qf7 54. Qe3 Qh7 55. Re6 Kf7 56. Nxg6 Nxg6 57. Bxf5 1-0

[Event "AUT-ch (Women)"]
[Site "Mureck"]
[Date "2001.08.13"]
[Round "6"]
[White "Horvath, Maria"]
[Black "Hennings, Margit"]
[Result "1-0"]
[WhiteElo "2053"]
[BlackElo "2015"]
[PlyCount "93"]
[EventDate "2001.08.05"]
[EventType "tourn"]
[EventRounds "11"]
[EventCountry "AUT"]
[SourceTitle "CBM 083 Extra"]
[Source "ChessBase"]
[SourceDate "2001.09.11"]
[SourceVersion "1"]
[SourceVersionDate "2001.09.11"]
[SourceQuality "1"]

1. d4 d5 2. c4 c6 3. Nf3 Nf6 4. Nc3 e6 5. e3 a6 6. Qc2 Nbd7 7. Bd3 dxc4 8. Bxc4 b5 9. Bd3 Bb7 10. 0-0 Rc8 11. Rd1 Qc7 12. e4 c5 13. d5 c4 14. Bf1 b4 15. Na4 exd5 16. exd5 Nxd5 17. Qe4+ Ne7 18. Qd4 Bxf3 19. gxf3 Ne5 20. Qe4 f5 21. Qe3 Kf7 22. Re1 N5g6 23. Qe6+ Ke8 24. Nb6 Nh4 25. Bg2 Rb8 26. Nd5 Qd7 27. Qe5 Rb7 28. Bg5 Nhg6 29. Qd4 Rb5 30. Rad1 Rxd5 31. Qxd5 Qxd5 32. Rxd5 Kf7 33. Rd7 h6 34. Bd2 a5 35. Ra7 Kf6 36. Ra6+ Kf7 37. Rxa5 Nc6 38. Rxf5+ Kg8 39. Rb5 Be7 40. f4 Nd4 41. Bd5+ Kh7 42. Rb7 Bf6 43. Bf7 h5 44. Kh1 b3 45. Rg1 bxa2 46. Bxg6+ Kh6 47. f5+ 1-0

[Event "AUT-ch (Women)"]
[Site "Mureck"]
[Date "2001.08.09"]
[Round "3"]
[White "Hackbarth, Christa"]
[Black "Hennings, Margit"]
[Result "0-1"]
[WhiteElo "2005"]
[BlackElo "2015"]
[PlyCount "80"]
[EventDate "2001.08.05"]
[EventType "tourn"]
[EventRounds "11"]
[EventCountry "AUT"]
[SourceTitle "CBM 083 Extra"]
[Source "ChessBase"]
[SourceDate "2001.09.11"]
[SourceVersion "1"]
[SourceVersionDate "2001.09.11"]
[SourceQuality "1"]

1. d4 d5 2. Nf3 Nf6 3. Bf4 e6 4. e3 c5 5. c3 Nbd7 6. Bd3 c4 7. Bc2 b5 8. Nbd2 Qb6 9. 0-0 Bd6 10. Bxd6 Qxd6 11. e4 dxe4 12. Nxe4 Nxe4 13. Bxe4 Rb8 14. Nd2 0-0 15. a4 a6 16. axb5 axb5 17. Ra7 Nf6 18. Qc2 Qb6 19. Rfa1 Bb7 20. Bxb7 Rxb7 21. R7a6 Qc7 22. Nf3 h6 23. Ne5 Nd5 24. Qe2 Qe7 25. h3 Qg5 26. Nf3 Qf6 27. Qe5 b4 28. Qe2 bxc3 29. bxc3 Nxc3 30. Qxc4 Nd5 31. Ra8 Rbb8 32. Rxb8 Rxb8 33. Rc1 Nf4 34. Qc2 Nxh3+ 35. Kf1 Ng5 36. Ne5 Qf4 37. Qc7 Ra8 38. Qc6 Ra2 39. Nf3 Nxf3 40. gxf3 Qxd4 0-1

[Event "Jacques Lemans op 20th"]
[Site "St Veit"]
[Date "2001.07.??"]
[Round "?"]
[White "Franz, Karsten"]
[Black "Hennings, Margit"]
[Result "1-0"]
[WhiteElo "2225"]
[BlackElo "2015"]
[PlyCount "53"]
[EventDate "2001.07.07"]
[EventType "swiss"]
[EventRounds "9"]
[EventCountry "AUT"]
[SourceTitle "EXT 2004"]
[Source "ChessBase"]
[SourceDate "2003.11.25"]
[SourceVersion "1"]
[SourceVersionDate "2003.11.25"]
[SourceQuality "1"]

1. Nf3 d5 2. g3 c5 3. Bg2 Nc6 4. 0-0 e5 5. d3 h6 6. Nbd2 Be6 7. e4 dxe4 8. dxe4 Nf6 9. c3 Qc7 10. Qe2 Be7 11. Nc4 0-0 12. Nh4 b5 13. Ne3 c4 14. Nd5 Bxd5 15. exd5 Na5 16. d6 Bxd6 17. Bxa8 Rxa8 18. Nf5 Nb7 19. Qf3 e4 20. Nxh6+ Kf8 21. Qf5 Nc5 22. Bg5 Ncd7 23. Bxf6 Nxf6 24. Ng4 Nxg4 25. Qxg4 Re8 26. Rae1 Bc5 27. Rxe4 1-0

[Event "EU-Cup (Women) 04th"]
[Site "Nova Gorica"]
[Date "1999.06.30"]
[Round "3.3"]
[White "Domarkaite, Laima"]
[Black "Hennings, Margit"]
[Result "1-0"]
[WhiteElo "2210"]
[BlackElo "2035"]
[PlyCount "103"]
[EventDate "1999.06.28"]
[EventType "team-swiss"]
[EventRounds "7"]
[EventCountry "SLO"]
[SourceTitle "EXT 2013"]
[Source "ChessBase"]
[SourceDate "2012.11.22"]
[SourceVersion "1"]
[SourceVersionDate "2012.11.22"]
[SourceQuality "1"]
[WhiteTeam "Vilkaviskis Sirvinta (W)"]
[BlackTeam "Carinthia (W)"]
[WhiteTeamCountry "LTU"]
[BlackTeamCountry "AUT"]

1. e4 c5 2. c3 d5 3. exd5 Qxd5 4. d4 Nf6 5. Nf3 Bg4 6. Be2 e6 7. Na3 a6 8. h3 Bh5 9. Nc2 cxd4 10. cxd4 Nc6 11. 0-0 Be7 12. Ne3 Qd8 13. Nc4 0-0 14. Be3 Nd5 15. a3 Bf6 16. Rc1 Rc8 17. Qb3 b5 18. Ncd2 Na5 19. Qa2 Nxe3 20. fxe3 Bg5 21. Kf2 Bh6 22. Rxc8 Qxc8 23. Qb1 Bg6 24. Bd3 Bxd3 25. Qxd3 Qc7 26. b4 Nb7 27. Ne4 Rd8 28. Rd1 Nd6 29. Nxd6 Qxd6 30. Rc1 f6 31. Rc5 a5 32. Qxb5 axb4 33. axb4 Ra8 34. Rc2 Rb8 35. Qc5 Qb6 36. Rc4 Qa6 37. d5 Qa2+ 38. Rc2 Qxd5 39. Qxd5 exd5 40. Rb2 Kf7 41. Nd4 g6 42. b5 f5 43. Rc2 Re8 44. Rc3 Ke7 45. b6 Kd7 46. Rc7+ Kd6 47. Nb5+ Ke5 48. b7 Rb8 49. Rxh7 Bg5 50. Nd4 Ke4 51. Nc6 Bxe3+ 52. Ke2 1-0

[Event "AUT-ch (Women)"]
[Site "Vienna"]
[Date "1999.??.??"]
[Round "2"]
[White "Borek, Jutta"]
[Black "Hennings, Margit"]
[Result "1-0"]
[WhiteElo "2122"]
[BlackElo "2035"]
[PlyCount "81"]
[EventDate "1999.??.??"]
[EventType "tourn"]
[EventRounds "13"]
[EventCountry "AUT"]
[SourceTitle "EXT 2001"]
[Source "ChessBase"]
[SourceDate "2000.11.22"]
[SourceVersion "1"]
[SourceVersionDate "2000.11.22"]
[SourceQuality "1"]

1. c4 e5 2. g3 Nc6 3. Bg2 f5 4. Nc3 Nf6 5. d3 g6 6. e3 Bg7 7. Nge2 0-0 8. 0-0 d6 9. b3 g5 10. Bb2 Ne7 11. f4 Ng4 12. Qd2 Ng6 13. h3 Nh6 14. Rae1 g4 15. Nd1 gxh3 16. Bxh3 Ng4 17. Nf2 h5 18. Nxg4 fxg4 19. Bg2 c6 20. Be4 Bf5 21. Bxf5 Rxf5 22. e4 Rf7 23. f5 Nf8 24. Kg2 Kh7 25. Rh1 Nd7 26. Rxh5+ Kg8 27. Reh1 Nf6 28. R5h4 Qb6 29. Qg5 Kf8 30. d4 Re8 31. dxe5 Qf2+ 32. Kxf2 Nxe4+ 33. Kg2 Nxg5 34. Nf4 dxe5 35. Ng6+ Kg8 36. Rh8+ Bxh8 37. Rxh8+ Kg7 38. Rxe8 Rxf5 39. Nxe5 a5 40. Nxg4+ Kf7 41. Re5 1-0

[Event "Jacques Lemans op 18th"]
[Site "St Veit"]
[Date "1999.??.??"]
[Round "2.5"]
[White "Hennings, Margit"]
[Black "Kliukin, Boris P"]
[Result "0-1"]
[WhiteElo "2035"]
[BlackElo "2410"]
[PlyCount "56"]
[EventDate "1999.07.??"]
[EventType "swiss"]
[EventRounds "9"]
[EventCountry "AUT"]
[SourceTitle "EXT 2004"]
[Source "ChessBase"]
[SourceDate "2003.11.25"]
[SourceVersion "1"]
[SourceVersionDate "2003.11.25"]
[SourceQuality "1"]

1. e4 Nf6 2. e5 Nd5 3. d4 d6 4. c4 Nb6 5. Nc3 dxe5 6. dxe5 Qxd1+ 7. Kxd1 Nc6 8. Nb5 Bg4+ 9. f3 0-0-0+ 10. Ke1 Bf5 11. Be3 a6 12. Nc3 Nxe5 13. Bxb6 cxb6 14. Nd5 b5 15. Rc1 bxc4 16. Bxc4 Kb8 17. Ne3 Bd3 18. Rd1 e6 19. Bb3 Bb4+ 20. Kf2 Bc5 21. Nh3 a5 22. a4 Ba6 23. Ng5 Rd3 24. Rxd3 Nxd3+ 25. Kg3 Bxe3 26. Nxf7 Rf8 27. Bxe6 g5 28. Rb1 h5 0-1

[Event "AUT-ch (Women)"]
[Site "Vienna"]
[Date "1999.??.??"]
[Round "11"]
[White "Horvath, Maria"]
[Black "Hennings, Margit"]
[Result "1/2-1/2"]
[WhiteElo "2067"]
[BlackElo "2035"]
[PlyCount "93"]
[EventDate "1999.??.??"]
[EventType "tourn"]
[EventRounds "13"]
[EventCountry "AUT"]
[SourceTitle "EXT 2001"]
[Source "ChessBase"]
[SourceDate "2000.11.22"]
[SourceVersion "1"]
[SourceVersionDate "2000.11.22"]
[SourceQuality "1"]

1. d4 d5 2. Nf3 Nf6 3. c4 e6 4. Bg5 dxc4 5. Qa4+ Nc6 6. Qxc4 Bb4+ 7. Nc3 Qd5 8. Qxd5 Nxd5 9. Rc1 0-0 10. e4 Nxc3 11. bxc3 Ba5 12. Bc4 h6 13. Bh4 a6 14. a4 Bd7 15. 0-0 g5 16. Bg3 Ne7 17. Bb3 Bc6 18. Rfe1 Rfd8 19. Ne5 b5 20. Nxc6 Nxc6 21. d5 bxa4 22. Bc4 Ne7 23. dxe6 f6 24. h4 Kf8 25. Re2 Ng6 26. hxg5 hxg5 27. e5 f5 28. f3 Ke7 29. Ra2 Bb6+ 30. Kf1 f4 31. Be1 Nxe5 32. Rxa4 Nxc4 33. Rxc4 Kxe6 34. Re4+ Kf7 35. c4 Be3 36. Ra1 c5 37. Ra2 Rd1 38. Ke2 Rb1 39. Bf2 Bxf2 40. Kxf2 Kf6 41. Rae2 a5 42. Re6+ Kf7 43. Re7+ Kf8 44. Rh7 Kg8 45. Ree7 Rab8 46. Reg7+ Kf8 47. Rf7+ 1/2-1/2

[Event "Jacques Lemans op 18th"]
[Site "St Veit"]
[Date "1999.??.??"]
[Round "7.20"]
[White "Nickl, Klaus"]
[Black "Hennings, Margit"]
[Result "1-0"]
[WhiteElo "2200"]
[BlackElo "2035"]
[PlyCount "127"]
[EventDate "1999.07.??"]
[EventType "swiss"]
[EventRounds "9"]
[EventCountry "AUT"]
[SourceTitle "EXT 2004"]
[Source "ChessBase"]
[SourceDate "2003.11.25"]
[SourceVersion "1"]
[SourceVersionDate "2003.11.25"]
[SourceQuality "1"]

1. Nf3 Nf6 2. g3 d5 3. Bg2 c5 4. c4 d4 5. 0-0 Nc6 6. d3 e5 7. Na3 Be7 8. Nc2 0-0 9. e4 h6 10. Bd2 Be6 11. Rb1 a5 12. b3 Qc7 13. a3 Rfb8 14. a4 Nb4 15. Nxb4 cxb4 16. Nh4 Qd7 17. f4 Bg4 18. Qe1 exf4 19. gxf4 Re8 20. Nf3 Bxf3 21. Bxf3 Ra6 22. Kh1 Ng4 23. Bxg4 Qxg4 24. Qg3 Rg6 25. Qxg4 Rxg4 26. Rg1 Rh4 27. Rbf1 Rc8 28. Be1 Rh5 29. Bf2 Bc5 30. Rg3 Kh7 31. Kg2 g5 32. fxg5 Rxg5 33. Rxg5 hxg5 34. Bg1 Kg6 35. Rf5 b6 36. Rd5 f6 37. Bxd4 Kf7 38. Bf2 Ke6 39. d4 Bd6 40. Rb5 Bc7 41. Bg3 Kd7 42. Bxc7 Kxc7 43. Rf5 Re8 44. e5 fxe5 45. Rxe5 Rd8 46. d5 Rg8 47. Re6 g4 48. Kg3 Rh8 49. c5 bxc5 50. Rc6+ Kd7 51. Rxc5 Rh3+ 52. Kxg4 Rxb3 53. Rxa5 Ra3 54. h4 b3 55. Kg5 Kd6 56. h5 b2 57. Rb5 Rxa4 58. Rxb2 Kxd5 59. h6 Ra1 60. Rg2 Ke6 61. Kg6 Ke5 62. h7 Ra8 63. Rh2 Ra6+ 64. Kg5 1-0

[Event "Jacques Lemans op 17th"]
[Site "St Veit"]
[Date "1998.07.19"]
[Round "9"]
[White "Hennings, Margit"]
[Black "Hebesberger, Thomas"]
[Result "0-1"]
[WhiteElo "2045"]
[BlackElo "2190"]
[PlyCount "82"]
[EventDate "1998.07.11"]
[EventType "swiss"]
[EventRounds "9"]
[EventCountry "AUT"]
[SourceTitle "CBM 065 Extra"]
[Source "ChessBase"]
[SourceDate "1998.09.09"]
[SourceVersion "1"]
[SourceVersionDate "1998.09.09"]
[SourceQuality "1"]

1. e4 d6 2. d4 Nf6 3. Bd3 e5 4. c3 Nc6 5. d5 Ne7 6. Ne2 g6 7. 0-0 Bg7 8. h3 0-0 9. Be3 Nd7 10. Qd2 Kh8 11. Bh6 f5 12. Bxg7+ Kxg7 13. exf5 Nxf5 14. Bxf5 Rxf5 15. c4 Qh4 16. b3 Nc5 17. Nbc3 Bd7 18. Rae1 Raf8 19. Ng3 Rf4 20. Nce2 Ne4 21. Nxe4 Rxe4 22. Ng3 Ref4 23. Kh2 g5 24. f3 Rxf3 25. Rxf3 Rxf3 26. gxf3 Qxh3+ 27. Kg1 Qxg3+ 28. Kh1 Qxf3+ 29. Qg2 Bg4 30. Qxf3 Bxf3+ 31. Kh2 h5 32. Re3 e4 33. b4 h4 34. c5 Kf6 35. Ra3 a6 36. c6 bxc6 37. dxc6 Be2 38. Ra5 Bc4 39. a4 e3 40. Kg1 h3 41. b5 e2 0-1

[Event "AUT-ch (Women)"]
[Site "Gallspach"]
[Date "1997.08.05"]
[Round "9"]
[White "Hennings, Margit"]
[Black "Horvath, Maria"]
[Result "1/2-1/2"]
[WhiteElo "1890"]
[BlackElo "2070"]
[PlyCount "70"]
[EventDate "1997.07.28"]
[EventType "tourn"]
[EventRounds "11"]
[EventCountry "AUT"]
[SourceTitle "EXT 1999"]
[Source "ChessBase"]
[SourceDate "1998.11.16"]
[SourceVersion "1"]
[SourceVersionDate "1998.11.16"]
[SourceQuality "1"]

1. e4 c5 2. Nf3 e6 3. d4 cxd4 4. c3 dxc3 5. Nxc3 Nc6 6. Bc4 Qc7 7. 0-0 Nf6 8. Bg5 Ng4 9. Bb3 Bc5 10. Nb5 Qb8 11. Rc1 b6 12. h3 Ba6 13. a4 Nge5 14. Bf4 Bxb5 15. axb5 Nxf3+ 16. Qxf3 Nd4 17. Bxb8 Nxf3+ 18. gxf3 Rxb8 19. f4 Ke7 20. Kg2 Rbc8 21. Ra1 Rc7 22. Ra2 Bb4 23. Ra4 Ba5 24. Rc4 Rc5 25. Rxc5 bxc5 26. Rd1 d6 27. Kf3 g6 28. Ke2 Rf8 29. Rg1 Bb6 30. Rf1 Rd8 31. Rd1 f5 32. f3 Rf8 33. Rf1 Kd7 34. Bc4 Kc7 35. Bxe6 Re8 1/2-1/2

[Event "Jacques Lemans op 16th"]
[Site "St Veit"]
[Date "1996.??.??"]
[Round "4"]
[White "Horvath, Gabor"]
[Black "Hennings, Margit"]
[Result "1-0"]
[WhiteElo "2280"]
[BlackElo "2045"]
[PlyCount "72"]
[EventDate "1996.07.??"]
[EventType "swiss"]
[EventRounds "9"]
[EventCountry "AUT"]
[SourceTitle "EXT 1999"]
[Source "ChessBase"]
[SourceDate "1998.11.16"]
[SourceVersion "1"]
[SourceVersionDate "1998.11.16"]
[SourceQuality "1"]

1. e4 c5 2. Nc3 Nc6 3. f4 e6 4. Nf3 d5 5. Bb5 d4 6. Bxc6+ bxc6 7. Ne2 Nf6 8. d3 Be7 9. 0-0 Ba6 10. b3 0-0 11. Kh1 Qc7 12. Bd2 Rad8 13. Qe1 Nd7 14. g4 Bc8 15. f5 exf5 16. gxf5 Bd6 17. f6 Nxf6 18. Ba5 Qb8 19. Bxd8 Rxd8 20. Qh4 Be7 21. Rg1 Nd5 22. Qh6 Bf8 23. exd5 g6 24. Qh4 Rxd5 25. Ng5 h6 26. Ne4 Rf5 27. N2g3 Qf4 28. Nxf5 Qf3+ 29. Rg2 Bxf5 30. Qg3 Bxe4 31. dxe4 Qxe4 32. Re1 Qd5 33. Qe5 Qd7 34. Rf1 Bg7 35. Qxc5 d3 36. cxd3 Qxd3 1-0